Cracking the code (Record no. 75012)
[ view plain ]
| 000 -LEADER | |
|---|---|
| fixed length control field | 01531cab a2200205 4500 |
| 001 - CONTROL NUMBER | |
| control field | L129239 |
| 008 - FIXED-LENGTH DATA ELEMENTS--GENERAL INFORMATION | |
| fixed length control field | 050404n2005 000 0 eng u |
| 035 ## - SYSTEM CONTROL NUMBER | |
| System control number | (Sirsi) u129239 |
| 041 ## - LANGUAGE CODE | |
| Language code of text/sound track or separate title | eng |
| 100 ## - MAIN ENTRY--PERSONAL NAME | |
| Personal name | Madeira, Natasha |
| 245 ## - TITLE STATEMENT | |
| Title | Cracking the code |
| 260 ## - PUBLICATION, DISTRIBUTION, ETC. | |
| Date of publication, distribution, etc. | 2005 |
| 490 ## - SERIES STATEMENT | |
| Series statement | Wastes Management |
| Volume/sequential designation | March 2005, 46-47(2) |
| 520 ## - SUMMARY, ETC. | |
| Summary, etc. | Focuses on the "Code of practice: resource sustainable communities" (RSC), an Institution of Civil Engineers and Biffaward project developed by EnviroCentre and others, designed to guide local authorities and development teams through the steps that should be considered when designing a waste management infrastructure for communities. RSC complements and supports the government "Code for sustainable buildings", which will be developed for 2006. RSC consists of: an operational document providing a guide to the roles of those involved with the development and setting out 12 targets; and a main document offering information on the mechanisms for developing sustainable waste management infrastructure; planning and design considerations of the process; waste management technologies; and a model of a community development following the RSC process. Figures cover RSC design considerations, a RSC action flow and the12 targets. |
| 590 ## - LOCAL NOTE (RLIN) | |
| Local note | IKA150405 |
| 690 ## - LOCAL SUBJECT ADDED ENTRY--TOPICAL TERM (OCLC, RLIN) | |
| Topical term or geographic name as entry element | ENVIRONMENTAL AND LAND CONSULTANCY-WASTE MANAGEMENT |
| 700 ## - ADDED ENTRY--PERSONAL NAME | |
| Personal name | Menzies, Brian |
| 856 ## - ELECTRONIC LOCATION AND ACCESS | |
| Uniform Resource Identifier | <a href="https://www.envirocentre.co.uk">https://www.envirocentre.co.uk</a> |
| Public note | View the RSC documents free of charge at www.envirocentre.co.uk... |
| 942 ## - ADDED ENTRY ELEMENTS (KOHA) | |
| Suppress in OPAC | 0 |
| Withdrawn status | Lost status | Source of classification or shelving scheme | Damaged status | Not for loan | Home library | Current library | Shelving location | Date acquired | Total Checkouts | Full call number | Barcode | Date last seen | Copy number | Price effective from | Koha item type |
|---|---|---|---|---|---|---|---|---|---|---|---|---|---|---|---|
| Dewey Decimal Classification | London | London | Journal article | 04/04/2005 | L129239 | 129239-1001 | 06/08/2019 | 1 | 06/08/2019 | Journal article |